Basic research methods for librarians (Record no. 6808)

MARC details
000 -LEADER
fixed length control field 00824nam a22002537a 4500
003 - CONTROL NUMBER IDENTIFIER
control field OSt
005 - DATE AND TIME OF LATEST TRANSACTION
control field 20251204104218.0
008 - FIXED-LENGTH DATA ELEMENTS--GENERAL INFORMATION
fixed length control field 251204b |||||||| |||| 00| 0 eng d
020 ## - INTERNATIONAL STANDARD BOOK NUMBER
International Standard Book Number 1-59158-112-5
040 ## - CATALOGING SOURCE
Original cataloging agency DWC-Main lib
Transcribing agency OC
082 ## - DEWEY DECIMAL CLASSIFICATION NUMBER
Edition number 4th edition
Classification number Res. 020.72 P882b 2004
100 ## - MAIN ENTRY--PERSONAL NAME
Personal name Powell, R.
245 ## - TITLE STATEMENT
Title Basic research methods for librarians
Statement of responsibility, etc. Powell, Ronald R.
250 ## - EDITION STATEMENT
Edition statement 4th edition
260 ## - PUBLICATION, DISTRIBUTION, ETC.
Place of publication, distribution, etc. London :
Name of publisher, distributor, etc. Libraries Unlimited,
Date of publication, distribution, etc. c2004
300 ## - PHYSICAL DESCRIPTION
Extent x, 347 pages :
Other physical details Illustration :
Dimensions 23 cm.
504 ## - BIBLIOGRAPHY, ETC. NOTE
Bibliography, etc. note Includes bibliographical references and index.
600 ## - SUBJECT ADDED ENTRY--PERSONAL NAME
Source of heading or term
650 ## - SUBJECT ADDED ENTRY--TOPICAL TERM
Source of heading or term Library science
650 ## - SUBJECT ADDED ENTRY--TOPICAL TERM
Source of heading or term Research
650 ## - SUBJECT ADDED ENTRY--TOPICAL TERM
Source of heading or term Methodology.
700 ## - ADDED ENTRY--PERSONAL NAME
Personal name Connaway, Lynn S.
942 ## - ADDED ENTRY ELEMENTS (KOHA)
Source of classification or shelving scheme Dewey Decimal Classification
Koha item type Book- Reserved
Edition 4th edition
Classification part Res. 020.72 P882b 2004
Call number prefix Res.
Suppress in OPAC No
952 ## - LOCATION AND ITEM INFORMATION (KOHA)
--
Holdings
Withdrawn status Lost status Source of classification or shelving scheme Damaged status Not for loan Home library Current library Shelving location Date acquired Source of acquisition Total Checkouts Full call number Barcode Date last seen Copy number Price effective from Koha item type Uniform Resource Identifier
    Dewey Decimal Classification     College Library College Library Reserved 08/11/2005 School Fund   Res. 020.72 P882b 2004 CL42268 12/04/2025 c1 12/04/2025 BK-0 CIRC